LEADER 01202nam0-2200349---450- 001 990009892940403321 005 20140908104831.0 010 $a978-88-15-24645-5 035 $a000989294 035 $aFED01000989294 035 $a(Aleph)000989294FED01 035 $a000989294 100 $a20140908d2014----km-y0itay50------ba 101 0 $aita 102 $aIT 105 $a--------001yy 200 1 $aValutare i percorsi in Sanità$ei percorsi di salute mentale e il percorso oncologico$eun progetto della Commissione parlamentare d'icnheista del Senato sull'efficienza e l'efficacia del SSN$fa cura di Sabina Muti, Maria Pia Fantini e Anna Maria Murante 210 $aBologna$cil Mulino$d2014 215 $a263 p.$ctab.$d18 cm 225 1 $aInnovazione e management in Sanità 610 0 $aSanità$aServizi$aValutazione$aInchiesta 676 $a362.11$v22$zita 700 1$aNuti,$bSabina$0325748 701 1$aFantini,$bMaria Pia$0221277 702 1$aMurante,$bAnna Maria 801 0$aIT$bUNINA$gRICA$2UNIMARC 901 $aBK 912 $a990009892940403321 952 $a362.11 NUT 1$b6743$fBFS 959 $aBFS 996 $aValutare i percorsi in Sanità$9829583 997 $aUNINA LEADER 01425nas 2200469-a 450 001 996218776703316 005 20240112213020.0 035 $a(OCoLC)191688235 035 $a(CKB)1000000000284905 035 $a(CONSER)--2008263096 035 $a(EXLCZ)991000000000284905 100 $a20080129a19859999 s-- - 101 0 $aeng 135 $aur||||||||||| 181 $ctxt$2rdacontent 182 $cc$2rdamedia 183 $acr$2rdacarrier 200 10$aAnnual report /$fHealth Issues Centre 210 $aMelbourne $cHealth Issues Centre 311 $a0817-7031 517 1 $aHealth Issues Centre annual report 606 $aMedical care$zAustralia$vPeriodicals 606 $aPublic health$zAustralia$vPeriodicals 606 $aDelivery of Health Care 606 $aHealth Services 606 $aMedical care$2fast$3(OCoLC)fst01013753 606 $aPublic health$2fast$3(OCoLC)fst01082238 607 $aAustralia 607 $aAustralia$2fast$1https://id.oclc.org/worldcat/entity/E39QbtfRv8PPH7gCqhkJ8DK8bM 608 $aPeriodical 608 $aPeriodicals.$2fast 608 $aPeriodicals.$2lcgft 615 0$aMedical care 615 0$aPublic health 615 2$aDelivery of Health Care 615 2$aHealth Services 615 7$aMedical care. 615 7$aPublic health. 906 $aJOURNAL 912 $a996218776703316 996 $aAnnual report$9162222 997 $aUNISA